01672cam a2200325 a 45000010005000000030006000050050017000110080041000280100017000690200015000860200018001010400023001190430012001420500020001540820014001741000030001882450070002182600035002883000052003234900016003755050007003915200556003985210019009545210019009736100055009926500064010476510076011116510076011878560083012631751FISKH20230928093129.0070205s2008 nyuab j b 001 0 eng  a 2007005156 a0531126293 a9780531126295 aDLCcDLCdDLCbeng an-us---00aE303b.T35 200800a973.42221 aTaylor-Butler, Christine.14aThe Constitution of the united states /cChristine Taylor-Butler. aNew York :bScholastic,c2008. a48 pages :bcolor map, illustrations ;c22 cm.0 aA true book aP  aIdeal for today's young investigative reader, each A True Book includes lively sidebars, a glossary and index, plus a comprehensive "To Find Out More" section listing books, organizations, and Internet sites. A staple of library collections since the 1950s, the new A True Book series is the definitive nonfiction series for elementary school readers. A True Book -- American History: How do you wrap a 450,000-pound gift? What is the world's oldest and shortest written consitution? Find out in this patriotic celebration of things uniquely American.8 a650 bLexile 8 aP bRaz-Plus 10aUnited States.tConstitutionvJuvenile literature. 0aConstitutional historyzUnited StatesvJuvenile literature. 0aUnited StatesxPolitics and governmenty1775-1783vJuvenile literature. 0aUnited StatesxPolitics and governmenty1783-1789vJuvenile literature.413Table of contents onlyuhttp://www.loc.gov/catdir/toc/ecip0710/2007005156.html